000 00486nab a2200145Ia 4500
003 ES-SlBCS
005 20210601133737.0
008 140529s2003 xxu||||| |||| 00| 0 por d
041 _apor
100 1 _aOliveira Cunha, Ana Maria de
_9209078
245 0 2 _aA mudança epistemológica do professor de ciências e biologia
_c Ana Maria de Oliveira Cunha
650 0 4 _aEpistemología
_986254
773 0 _tEducaçao e Filosofia
_gvol. 17, nº. 33, 2003, págs. 93-110
_wRev1534
942 _cAR
999 _c601412
_d601412